[Event "Almaty Open 2017"]
[Site "Almaty"]
[Date "2017.10.03"]
[Round "1"]
[White "Stupak, Kirill"]
[Black "Gudashvili, Gavazi"]
[Result "1-0"]
[WhiteElo "2578"]
[BlackElo "1709"]
[Annotator "TA"]
[PlyCount "59"]
[EventDate "2017.??.??"]
[EventType "swiss"]
[EventCountry "KAZ"]
[SourceTitle "playchess.com"]
[Source "ChessBase"]
[SourceQuality "1"]

{[%evp 15,59,25,45,21,90,95,88,87,85,73,127,118,256,219,219,224,217,224,552,552,727,718,714,721,707,707,704,721,1035,1022,1119,1103,1104,1107,1140,1145,1156,1138,1107,1109,1562,1546,1525,1492,1416,1395]} 1. c4 c5 2. Nf3 {[%cal Bg1f3,Bf3d4,Bd4b5,Bb5d6][%mdl 32]} Nc6 3. g3 g6 4. Bg2 Bg7 5. O-O Nf6 6. d4 cxd4 7. Nxd4 O-O 8. Nc3 e6 9. Ndb5 {A39: Symmetrical English vs ...g6: 4 Bg2 Bg7 5 Nf3 Nf6 6 0-0 0-0 7 d4} a6 (9... d5 $11 {remains equal.}) (9... d5 10. cxd5 Nxd5 11. Nxd5 exd5 12. Qxd5 Qxd5 13. Bxd5 Rd8 14. Be4 Bh3 15. Re1 Rd7 16. Nc3 Nd4 {1-0 (30) Rau,M (2278)-Vecek,M (2164) ICCF email 2010}) 10. Nd6 $16 Ne8 11. Bf4 {White is better.} e5 12. Be3 {[%cal Bf4e3,Be3c5,Bc5d6][%mdl 32]} Nxd6 (12... Nd4 $142) 13. Qxd6 Qe7 (13... Nd4 $16) 14. Bc5 $146 ({Predecessor:} 14. Qxe7 Nxe7 15. Bc5 Re8 16. Bxe7 Rxe7 {1-0 (37) Henneberg,I (2057)-Noras,P (1687) Bad Zwesten 2004}) 14... Qxd6 15. Bxd6 Rd8 16. Nd5 Nd4 $2 {[#]} (16... a5 17. Rad1 e4) 17. Nb6 $18 {White is clearly winning.} Nf5 18. Bc7 Re8 19. Nxa8 d6 20. Nb6 e4 21. Rad1 Be5 22. c5 e3 23. f4 Bxb2 24. Nxc8 Rxc8 25. cxd6 Bf6 26. Bxb7 Rf8 27. d7 Nd4 {[#]} 28. Rxd4 $1 Bxd4 29. d8=Q Rxd8 30. Bxd8 1-0

[Event "Almaty Open 2017"]
[Site "Almaty"]
[Date "2017.10.03"]
[Round "1"]
[White "Yudin, Sergei"]
[Black "Zhamaladin, Kadyr"]
[Result "1-0"]
[WhiteElo "2517"]
[BlackElo "1706"]
[Annotator "TA"]
[PlyCount "101"]
[EventDate "2017.??.??"]
[EventType "swiss"]
[EventCountry "KAZ"]
[SourceTitle "playchess.com"]
[Source "ChessBase"]
[SourceQuality "1"]

{[%evp 16,101,68,62,61,54,54,54,62,49,56,54,55,61,62,55,60,53,140,103,114,122,148,158,141,136,157,98,98,106,140,141,156,153,197,186,309,287,332,259,297,311,513,504,496,487,1107,1112,1730,770,772,527,597,564,719,641,1113,1102,1107,1089,1051,1075,1221,1214,1202,1115,1087,1022,897,868,1388,1005,1505,1497,1502,1238,1793,877,871,823,863,779,1210,1156,29986,29987,29987,29988]} 1. e4 e5 2. Nf3 d6 3. d4 exd4 4. Nxd4 Nf6 5. Nc3 Be7 6. Bf4 O-O 7. Qd2 Bd7 8. O-O-O Nc6 9. f3 {LiveBook: 3 Games. C41: Philidor Defence} (9. Be2 Nxd4 10. Qxd4 Bc6 11. g4 Nd7 12. Qd2 h6 13. Bg3 Nc5 14. Bd3 Bf6 15. Nd5 Bxd5 16. exd5 Nxd3+ 17. Qxd3 {½-½ (78) Grover,S (2532)-Huang,Q (2389) Moscow 2012}) 9... Nxd4 10. Qxd4 Bc6 11. Kb1 {White is slightly better.} Nd7 $146 ({Predecessor:} 11... Re8 12. Bc4 a6 13. Rhe1 Nd7 14. Nd5 Bf8 15. a3 b5 16. Ba2 a5 {1-0 (24) Gara,T (2367)-Sekulovic,D (1746) Kragujevac 2015}) 12. Nd5 Bf6 13. Nxf6+ Qxf6 14. Qd2 a5 15. h4 b5 16. h5 Rfb8 ({Black should try} 16... a4 $14) 17. g4 $16 {[%cal Bg2g4,Bg4g5,Bg5g6][%mdl 32]} Ne5 18. g5 $36 {[%mdl 2048] Keeping Black busy.} Qe7 19. Be2 b4 {[#]} 20. g6 $1 {[%mdl 512]} a4 (20... fxg6 21. hxg6) 21. Bxe5 (21. Rdg1 $142 $1) 21... Qxe5 {[#]} 22. Bc4 $1 a3 {[%csl Ga3][%cal Re5b2]} 23. Bxf7+ ({Much less strong is} 23. gxf7+ Kf8 $14) 23... Kh8 {[%csl Ga3][%cal Re5b2] [#]} 24. Qd4 $1 {[%cal Rd4e5] And now Qxe5 would win.} Qxd4 25. Rxd4 h6 (25... Ra7 {keeps fighting.} 26. b3 Bb5) 26. Rc4 $18 Ra6 27. Bd5 Bxd5 28. exd5 axb2 $2 (28... Ra5 {was necessary.} 29. Rd1 (29. Rxc7 Rxd5 30. Kc1 Rf5 $16) 29... Re8) 29. Rxc7 {[%mdl 4096] Endgame KRR-KRR} Rba8 30. Rh4 Rxa2 (30... Ra5 $142 31. Rxb4 Rxd5) 31. Rhc4 Ra1+ 32. Kxb2 {Rc8+ would kill now.} R1a2+ 33. Kc1 {Threatening mate with Rc8+.} Ra1+ 34. Kd2 {White threatens Rc8+ and mate.} Rd8 35. Rxb4 Ra5 36. c4 Ra2+ 37. Kc3 Rf2 38. Rf7 Rh2 39. Rb6 Kg8 40. Rbb7 Rxh5 41. Rxg7+ Kh8 42. Kd3 Rf5 43. Rgf7 Rg5 44. Rh7+ Kg8 45. Rxh6 Rf8 46. Rf7 Re8 47. Rd7 Rf5 48. Rh3 Rf6 49. g7 {[%csl Gg7][%cal Rh3h8]} Rf7 50. Rxf7 Kxf7 51. Rh8 {Precision: White = 88%, Black = 51%.} 1-0

[Event "Almaty Open 2017"]
[Site "Almaty"]
[Date "2017.10.03"]
[Round "1"]
[White "Malakhatko, Vadim"]
[Black "Sabitov, Ilyas"]
[Result "1-0"]
[WhiteElo "2511"]
[BlackElo "1681"]
[Annotator "TA"]
[PlyCount "83"]
[EventDate "2017.??.??"]
[EventType "swiss"]
[EventCountry "KAZ"]
[SourceTitle "playchess.com"]
[Source "ChessBase"]
[SourceQuality "1"]

{[%evp 26,83,44,48,139,104,96,102,120,123,124,138,157,129,137,124,160,149,125,104,259,143,372,355,358,354,341,331,477,195,345,352,235,267,529,513,501,534,700,704,803,688,803,770,701,745,948,950,939,878,1056,1022,29987,29988,29993,29986,29986,29986,29989,29987]} 1. c4 Nf6 2. Nc3 g6 3. e4 d6 4. d4 {[%cal Bd2d4,Bd4d5][%mdl 32]} Bg7 5. Nf3 O-O 6. Be2 e5 7. O-O Nc6 8. d5 Ne7 9. b4 a5 10. Ba3 axb4 11. Bxb4 Nd7 12. a4 Bh6 13. a5 f5 14. Bd3 f4 {E97: King's Indian: Classical Main Line (6...e5 7 0-0 Nc6): 8 Be3 and 8 d5 Ne7, not 9 Ne1} (14... fxe4 $14 15. Nxe4 Nf6) (14... Kh8 15. Re1 Nf6 16. c5 fxe4 17. cxd6 cxd6 18. Nxe4 Nxe4 19. Bxe4 Bf5 20. Rb1 Qd7 21. h3 Rac8 22. Qb3 {½-½ (90) Kramnik,V (2790)-Carlsen,M (2813) Nice 2010}) 15. Nd2 $146 ({Predecessor:} 15. Be2 g5 16. h3 Ng6 17. Nh2 Nf6 18. c5 Rf7 19. cxd6 cxd6 20. Ng4 Bf8 21. Ra3 Nh4 22. Nxf6+ Qxf6 {1-0 (39) Farago,I (2455)-Karatorossian,D (2384) Budapest 2004}) 15... g5 16. Be2 Nf6 {White is better.} 17. c5 g4 18. cxd6 cxd6 19. g3 Ng6 20. Nc4 f3 21. Bd3 (21. Nxd6 $6 fxe2 22. Qxe2 Ra6 $14) 21... Ne8 22. Re1 Qf6 $2 {[#]} (22... Nf4 $16 {was called for.}) 23. Bf1 ({Only move:} 23. Nb5 $1 $18) 23... Nf4 $2 (23... Rf7 $16 24. Na4 Rb8) 24. Nb5 $18 (24. Nb6 Rb8 $18) 24... Ra6 25. Nb6 (25. gxf4 Bxf4 26. h3 gxh3 $14) 25... Rxb6 26. axb6 Bg5 (26... Bd7 {was worth a try.} 27. Nc7 (27. gxf4 Bxf4 28. h3 Qg5 $11) 27... Ng2 28. Nxe8 Rxe8 29. Bxg2 fxg2 30. Kxg2 Rf8) 27. Bd2 (27. gxf4 Bxf4 28. h3 (28. Bd2 {is a self mate.} Bxh2+ 29. Kh1 Qh4 30. Bg5 Qh5 31. Qxf3 Bg3+ 32. Bh4 Qxh4+ 33. Bh3 gxf3 34. fxg3 Qxh3+ 35. Kg1 Qg2#) 28... gxh3 $18) (27. Qc2 $142 Bd7 28. Nc7 (28. gxf4 Bxf4 29. Nc3 Bxh2+ 30. Kxh2 Qh4+ 31. Kg1 g3 $19)) 27... Qh6 (27... Nh3+ $142 28. Bxh3 Qh6) 28. gxf4 exf4 {[#] Black wants to play ...g3.} 29. Nd4 $1 g3 $2 (29... Bf6) 30. Nxf3 Bg4 {Hoping for ...Bxf3.} 31. Bg2 Bxf3 32. Qxf3 Qxh2+ 33. Kf1 gxf2 34. Kxf2 Qh6 35. Rh1 Qg6 36. Bh3 Ng7 37. Bc3 Bf6 38. Rag1 Bg5 {[#]} 39. Be6+ $1 {White mates.} Kh8 (39... Nxe6 40. dxe6) 40. Rxg5 Qxg5 41. Rg1 Qh4+ 42. Kf1 {Precision: White = 51%, Black = 34%.} 1-0

[Event "Almaty Open 2017"]
[Site "Almaty"]
[Date "2017.10.03"]
[Round "1"]
[White "Kostenko, Petr"]
[Black "Zharokov, Biket"]
[Result "1-0"]
[WhiteElo "2421"]
[BlackElo "1658"]
[Annotator "TA"]
[PlyCount "79"]
[EventDate "2017.??.??"]
[EventType "swiss"]
[EventCountry "KAZ"]
[SourceTitle "playchess.com"]
[Source "ChessBase"]
[SourceQuality "1"]

{[%evp 18,79,9,-2,70,66,58,60,171,185,172,95,221,222,225,241,239,235,223,234,282,245,366,333,382,310,295,291,379,384,384,419,483,466,541,522,607,592,726,737,737,733,705,676,1080,1017,1345,1271,1310,1295,1456,1431,1745,1743,1813,1761,1964,2077,5365,3135,3550,3754,29990,29991]} 1. d4 Nf6 2. Bf4 e6 3. e3 d5 4. Nd2 Bd6 5. Bg3 O-O 6. Ngf3 c5 7. c3 Nc6 8. Bb5 {D02: 1 d4 d5 2 Nf3 sidelines, including 2...Nf6 3 g3 and 2...Nf6 3 Bf4} (8. Bd3 b6 9. Qe2 Bb7 10. Rd1 Re8 11. e4 e5 12. dxe5 Nxe5 13. Nxe5 Bxe5 14. f4 dxe4 15. Bb5 Bc7 16. Nc4 Qe7 17. Bxe8 Rxe8 {1-0 (61) Le,Q (2739)-Caruana,F (2807) Saint Louis 2017}) 8... a6 9. Bxc6 bxc6 10. Qa4 {LiveBook: 18 Games. The position is equal.} Bb7 (10... cxd4 $11 11. Bxd6 (11. cxd4 Be7 $11) (11. exd4 Bb7 $11) (11. Qxc6 $2 Bxg3 12. fxg3 dxe3 $19) 11... Qxd6 12. cxd4 Rb8) 11. Bxd6 $14 Qxd6 12. Qa3 Ne4 (12... a5 $14) 13. Nxe4 $18 dxe4 {[#]} 14. dxc5 $146 (14. Nd2 $18) ({Predecessor:} 14. Nd2 f5 15. Nc4 Qe7 16. Qxc5 {1-0 (26) Maze,S (2614)-Tomasi,E (1720) Porticcio 2017}) 14... Qc7 (14... Qd5 $16 {might work better.} 15. Rd1 Qh5) 15. Nd2 {[%cal Bf3d2,Bd2c4,Bc4b6][%mdl 32]} f5 16. Nc4 a5 17. O-O-O Ba6 18. Nb6 ({Resist} 18. Qxa5 $6 Qxa5 19. Nxa5 Be2 $16) 18... Rad8 19. c4 ({Less strong is} 19. Qxa5 Bd3 $16) 19... e5 (19... f4 {was necessary.} 20. Qxa5 fxe3 21. fxe3 Bc8 22. Rxd8 Qxd8) 20. Qxa5 Bc8 21. Qc3 f4 22. Rxd8 Rxd8 23. Rd1 Rxd1+ 24. Kxd1 Bg4+ 25. Kc2 Be2 26. a4 {[%cal Ba2a4,Ba4a5,Ba5a6][%mdl 32]} Bd3+ 27. Kb3 fxe3 28. fxe3 Qe7 29. Kb4 h6 30. a5 Kh7 31. a6 Qa7 32. Ka5 Qc7 33. b4 h5 34. b5 Kh6 35. Kb4 cxb5 36. cxb5 Qb8 37. Qa1 Qa7 38. Qxe5 Qf7 39. Nd5 Qd7 40. Qd6+ {Precision: White = 98%, Black = 20%.} 1-0

[Event "Almaty Open 2017"]
[Site "Almaty"]
[Date "2017.10.03"]
[Round "1"]
[White "Tleules, Tamirlan"]
[Black "Filippov, Anton"]
[Result "0-1"]
[WhiteElo "1710"]
[BlackElo "2592"]
[Annotator "TA"]
[PlyCount "88"]
[EventDate "2017.??.??"]
[EventType "swiss"]
[EventCountry "KAZ"]
[SourceTitle "playchess.com"]
[Source "ChessBase"]
[SourceQuality "1"]

{[%evp 25,88,20,29,29,29,29,43,44,56,45,66,74,68,30,60,20,20,26,20,0,17,0,0,-6,0,0,0,0,0,-14,-5,-6,9,-22,-22,-24,-24,-44,-45,-60,-46,-59,-21,-47,-41,-100,-50,-91,-83,-100,-81,-143,-122,-176,-164,-403,-400,-385,-380,-1260,-1211,-1136,-1137,-1137,-1112]} 1. e4 e5 2. Nf3 Nc6 3. Bb5 a6 4. Ba4 Nf6 5. O-O Be7 6. Re1 b5 7. Bb3 d6 8. c3 O-O 9. h3 Na5 10. Bc2 c5 11. d4 Qc7 12. Nbd2 {[%cal Bb1d2,Bd2f1,Bf1g3][%mdl 32]} Be6 13. d5 Bd7 14. b3 {[%cal Bb2b3,Bb3b4][%mdl 32] C97: Closed Ruy Lopez: Chigorin Defence: 11 d4 Qc7, sidelines} g6 15. Nf1 Nh5 16. Be3 {[#] White is slightly better.} Rfc8 $146 ({Predecessor:} 16... Kh8 17. Bh6 Ng7 18. g4 Nb7 19. Ng3 Nd8 20. a4 {½-½ (19) Meier,G (2608)-Inarkiev,E (2656) Budva 2009}) 17. Qd2 c4 18. b4 Nb7 19. g4 Ng7 20. Ng3 a5 21. a3 Ra6 22. Qc1 Rca8 23. Qb2 Qc8 24. Kh2 Bd8 (24... Ne8 {keeps more tension.} 25. Rg1 Bd8 26. Qc1 Bf6 27. Bh6 axb4 28. cxb4 Nd8) 25. Reb1 Bb6 26. Bxb6 Rxb6 27. Ra2 Rba6 28. Rba1 R8a7 29. Bb1 Nd8 30. Qd2 f6 31. Ng1 Nf7 32. f3 Qd8 33. Kg2 Kh8 34. Qf2 Ra8 35. Kf1 ({White should play} 35. f4 $15) 35... Qe7 36. Ke1 Rf8 37. Kd1 {[#]} f5 $1 {[%mdl 512]} 38. Bc2 ({Better is} 38. exf5 gxf5 39. Qe1) 38... fxg4 $17 39. hxg4 (39. fxg4 $17 h5 40. gxh5 gxh5 41. Kd2) 39... Ng5 $19 {...Bxg4! is the strong threat.} 40. Qg2 $2 {[#]} (40. Kc1) 40... Nxf3 $1 {[%mdl 512]} 41. Nxf3 {aiming for Nf1.} Bxg4 42. Ke2 $2 (42. Nf5 Qg5 43. Ke1) 42... Bxf3+ {Black is clearly winning.} 43. Qxf3 Rxf3 44. Kxf3 Qg5 {Precision: White = 27%, Black = 58%.} 0-1

[Event "Almaty Open 2017"]
[Site "Almaty"]
[Date "2017.10.03"]
[Round "1"]
[White "Kozybayeva, Alisa"]
[Black "Fier, Alexandr"]
[Result "0-1"]
[WhiteElo "1708"]
[BlackElo "2573"]
[Annotator "TA"]
[PlyCount "36"]
[EventDate "2017.??.??"]
[EventType "swiss"]
[EventCountry "KAZ"]
[SourceTitle "playchess.com"]
[Source "ChessBase"]
[SourceQuality "1"]

{[%evp 11,36,0,0,-70,28,-104,-93,-156,-87,-199,-195,-197,-196,-205,-199,-336,-358,-365,-371,-369,-319,-463,-455,-282,-510,-760,-708]} 1. d4 Nf6 2. c4 g6 3. Nc3 d5 4. Nf3 Bg7 5. h4 (5. Qb3 dxc4 6. Qxc4 O-O 7. e4 Nc6 8. Be2 e5 9. d5 Nd4 10. Nxd4 exd4 11. Qxd4 c6 12. Qc4 b5 13. Qxc6 Bd7 14. Qd6 Re8 15. Bg5 b4 16. Qxb4 Nxd5 17. Nxd5 Qxg5 {½-½ (59) Aronian,L (2799)-Vachier Lagrave,M (2804) Tbilisi 2017}) 5... dxc4 6. e4 {D90: Grünfeldindisch (Flohr-Variante)} O-O {LiveBook: 13 Partien} 7. e5 ({Besser ist} 7. Bxc4 $11 Bg4 8. Be3) 7... Nh5 ({Lieber} 7... Ng4 $1 $15) 8. Ng5 $146 {[#]} (8. Bxc4 $11 c5 9. Bg5 (9. dxc5 Qxd1+ 10. Nxd1 Nc6 $11)) ({Vorgänger:} 8. Bxc4 c5 9. dxc5 Qxd1+ 10. Kxd1 Nc6 11. e6 Bxe6 12. Bxe6 fxe6 {0-1 (69) Al Sayed,M (2505)-Hansen,E (2584) Dubai 2014}) 8... c5 $1 $17 {[%cal Rc5d4][%mdl 512]} 9. g4 {[#]} (9. d5 $142 Bxe5 10. Bxc4) (9. dxc5 Qxd1+) 9... cxd4 (9... Bxg4 $142 $1 10. Qxg4 cxd4) 10. Bxc4 {[#]} (10. gxh5 $17 dxc3 11. Qxd8 Rxd8 12. Bxc4) 10... Bxg4 $1 $19 ({Viel schwächer ist} 10... dxc3 11. Qxd8 Rxd8 12. gxh5 $17) 11. Qxg4 {Droht Sce4 und aus.} dxc3 12. Nxf7 Rxf7 13. Bxf7+ (13. Qf3 $142 e6 14. Bxe6) 13... Kxf7 14. Qc4+ e6 15. Rh3 Nc6 16. Rf3+ (16. Rxc3 $142 Bxe5 17. Rb3) 16... Kg8 17. Qxe6+ Kh8 18. bxc3 Nxe5 0-1

[Event "Almaty Open 2017"]
[Site "Almaty"]
[Date "2017.10.03"]
[Round "1"]
[White "Mamytbekov, Kanat"]
[Black "Burmakin, Vladimir"]
[Result "0-1"]
[WhiteElo "1701"]
[BlackElo "2515"]
[Annotator "TA"]
[PlyCount "86"]
[EventDate "2017.??.??"]
[EventType "swiss"]
[EventCountry "KAZ"]
[SourceTitle "playchess.com"]
[Source "ChessBase"]
[SourceQuality "1"]

{[%evp 10,86,28,0,13,0,22,19,31,33,45,31,42,31,45,-14,-3,-5,-5,-6,-6,-6,-4,-3,-3,-6,0,0,6,-14,0,-3,-10,-29,-25,-33,-23,-32,-21,-29,-38,-32,-29,-29,-27,-47,-26,-43,-42,-51,0,-32,-14,-73,-66,-234,-231,-237,-241,-245,-233,-259,-267,-229,-224,-235,-240,-256,-231,-465,-460,-445,-400,-4214,-5593,-29993,-2692,-29988,-29989]} 1. e4 c6 2. d4 d5 3. Nc3 g6 4. Nf3 Bg7 5. e5 f6 6. Be3 {LiveBook: 4 Games. B15: Caro-Kann: 3 Nc3: 3...g6 and 3...dxe4 4 Nxe4 Nf6 5 Nxf6+ exf6} Nd7 {[%cal Rf6e5]} (6... Bg4 7. exf6 Nxf6 8. Be2 Bxf3 9. Bxf3 Nbd7 10. Qe2 O-O 11. Bf4 e5 12. dxe5 Nxe5 13. Bxe5 Re8 {0-1 (28) Kosteniuk,A (2554)-Krush,I (2458) Huaian 2016}) 7. exf6 exf6 8. h4 {The position is equal.} h5 $146 ({Predecessor:} 8... Nb6 9. h5 Bg4 10. hxg6 hxg6 11. Rxh8 Bxh8 12. Bd3 Ne7 13. Qd2 Qd7 {1-0 (30) Sandipan,C (2424)-Saravanan,V (2412) Guntur 2000}) 9. Bd3 Ne7 10. Ne2 Nf8 11. c3 Bf5 12. Nf4 (12. Ng3 $14) 12... Qd7 13. Qc2 Bxd3 14. Nxd3 Ne6 15. O-O-O Nf5 16. Bd2 {[%cal Be3d2,Bd2e1,Be1f2][%mdl 32]} O-O-O 17. Kb1 Nd6 18. Ng1 Ne4 19. Be1 Bh6 20. f3 Nd6 21. Ne2 Nc4 {White must now prevent ...Ne3.} 22. Bf2 Rde8 23. Rhe1 Qc7 24. Nec1 Qf7 25. Re2 Ng7 26. Rde1 Nf5 27. Qa4 a6 28. Nb4 Rxe2 29. Rxe2 Bxc1 30. Kxc1 Qc7 31. Qc2 (31. Nd3 $11 {keeps the balance.}) 31... Qh2 32. g4 $2 {[#]} (32. Re6 $1 $15) 32... hxg4 ({Much less strong is} 32... Nxh4 33. gxh5 Qf4+ 34. Kb1 $17) 33. fxg4 Qf4+ (33... Nxh4 34. Nd3 $17) 34. Kb1 Qxg4 35. a3 Nfd6 ({But not} 35... Nxh4 36. Bxh4 Rxh4 37. Ka2 $19) 36. Re7 Re8 37. Rxe8+ Nxe8 38. Ka2 Ned6 39. Qd3 $2 (39. b3 Nb6 40. Nd3) 39... Ne4 $19 40. Qc2 Qg2 41. Nxc6 (41. Nd3 $142) 41... bxc6 42. Qa4 {[#]} Kd7 (42... Nxc3+ $142 $1 43. Kb3 (43. bxc3 Qxf2+) 43... Nxa4 44. Kxa4 Qh2 45. b3 Qb8 46. b4 Nd2 47. Bg1 Qb5#) 43. Qxa6 Ned6 {Precision: White = 42%, Black = 53%.} 0-1

[Event "Almaty Open 2017"]
[Site "Almaty"]
[Date "2017.10.03"]
[Round "1"]
[White "Ainakul, Mukhtar"]
[Black "Khusenkhojaev, Muhammad"]
[Result "1-0"]
[WhiteElo "1659"]
[BlackElo "2466"]
[Annotator "TA"]
[PlyCount "91"]
[EventDate "2017.??.??"]
[EventType "swiss"]
[EventCountry "KAZ"]
[SourceTitle "playchess.com"]
[Source "ChessBase"]
[SourceQuality "1"]

{[%evp 28,91,40,37,43,54,54,52,46,34,56,-6,58,31,80,16,12,7,56,38,66,24,29,0,0,0,29,0,0,0,24,0,105,94,126,126,137,-171,-179,-144,-5,-6,-2,-31,339,302,775,701,29971,29972,29970,29971,1866,766,1776,619,29973,29973,29977,29973,29973,29974,29970,29971,29998,29999]} 1. e4 e5 2. Nf3 Nc6 3. Bb5 a6 4. Ba4 Nf6 5. O-O Be7 6. Re1 b5 7. Bb3 d6 8. c3 O-O 9. h3 Nb8 10. d4 Nbd7 11. Nbd2 {[%cal Bb1d2,Bd2f1,Bf1g3][%mdl 32]} Bb7 12. Bc2 Re8 13. Nf1 Bf8 14. Ng3 exd4 {C95: Closed Ruy Lopez: Breyer Variation with 10 d4} (14... g6 15. a4 c6 16. Bg5 h6 17. Be3 Qc7 18. Bd3 Bg7 19. Qc1 Kh7 20. b4 Rac8 21. Qd2 exd4 22. cxd4 Nb6 23. axb5 cxb5 {½-½ (59) Grischuk,A (2761)-Mamedyarov,S (2800) Geneve 2017}) 15. cxd4 {LiveBook: 5 Games} g6 16. Bg5 h6 {White is slightly better.} 17. Bf4 c5 $146 ({Predecessor:} 17... Bg7 18. d5 Nh7 19. Rb1 h5 20. Qd2 h4 21. Ne2 Ne5 22. Ned4 {0-1 (36) Faundez Vergara,J-Ortega,R (2034) Maipu 2001}) 18. Qc1 Kh7 19. a4 (19. d5 $14) 19... Rc8 (19... cxd4 $1 $11 20. Nxd4 bxa4) 20. Qd2 Qb6 21. Rad1 ({Better is} 21. e5 $16 Bxf3 22. gxf3 (22. exf6 Rxe1+ 23. Rxe1 Bb7 $14)) 21... cxd4 $1 $11 22. Nxd4 Nc5 23. a5 Qc7 {[%cal Rc5e4]} 24. f3 Ncd7 25. b4 Ne5 26. Bb3 Nc4 27. Bxc4 (27. Qf2 {with more complications.} Nd7 28. Nf1 Nde5 29. Ne3 Bg7 30. Bg3) 27... bxc4 28. Nde2 {[%cal Rf4d6]} Re6 29. Nc3 g5 (29... Nd7 $1 $11 {remains equal.}) 30. Be3 $16 d5 31. exd5 Rxe3 32. Rxe3 $4 {[%mdl 8192]} (32. Qxe3 $16 {Hoping for Qd4.} Qxg3 33. Qb6) 32... Qxg3 $19 33. f4 {[#]} Qxf4 ({Black should try} 33... Qh4 $1 $17 34. fxg5 Qxg5 35. Qc2+ Kh8) 34. Rf1 $132 {[%mdl 2048] White is not keeping still} Qd6 {aiming for ...Kg8.} 35. Ref3 Bg7 $2 {[%mdl 8192] [#]} (35... Bxd5 $15 {stays ahead.} 36. Rxf6 Be6 37. Rxf7+ Bxf7 38. Qxd6 Bxd6 39. Rxf7+ Kg8) 36. Rxf6 $1 $18 {[%mdl 512]} Qxb4 $2 (36... Bxf6 37. Ne4 Qe5 38. Nxf6+ Kg7) (36... Qxf6 37. Rxf6) 37. Rxf7 {Strongly threatening Qd4.} Kg8 38. Rxg7+ Kxg7 39. Qd4+ Kg8 40. Qf6 (40. Ne4 $142 Rf8 41. Nf6+ Rxf6 42. Rxf6 Qe1+ 43. Kh2) 40... Qc5+ 41. Kh1 (41. Kh2 $142 Rf8 42. Qg6+ Kh8 43. Qxh6+ Kg8 44. Qxg5+ Kh7 45. Ne4 Qc7+ 46. d6) 41... Qc7 42. Qxh6 {White mates.} Qe7 43. Qg6+ Qg7 44. Qe6+ Kh8 45. Rf7 Qxc3 46. Qh6+ {Precision: White = 41%, Black = 20%.} 1-0

[Event "Almaty Open 2017"]
[Site "Almaty"]
[Date "2017.10.03"]
[Round "1"]
[White "Asylov, Miras"]
[Black "Markov, Mikhail"]
[Result "0-1"]
[WhiteElo "1654"]
[BlackElo "2420"]
[Annotator "TA"]
[PlyCount "68"]
[EventDate "2017.??.??"]
[EventType "swiss"]
[EventCountry "KAZ"]
[SourceTitle "playchess.com"]
[Source "ChessBase"]
[SourceQuality "1"]

{[%evp 19,68,-36,-45,-43,-47,-86,-75,-85,-47,-88,-83,-71,-34,-13,18,-84,-86,-113,-93,-168,-153,-194,-187,-206,-193,-243,-241,-266,-271,-282,-214,-277,-281,-271,-233,-352,-281,-266,-262,-560,-560,-545,-553,-547,-550,-584,-519,-675,-643,-1416,-1404]} 1. e4 c5 2. Nf3 d6 3. d4 cxd4 4. Nxd4 Nf6 5. Nc3 a6 6. Be2 Qc7 7. O-O e6 8. Be3 b5 9. a3 Bb7 10. Bf3 {B84: Sicilian Scheveningen: 6 Be2 a6, lines without early Be3} Nbd7 {[%cal Bb8d7,Bd7e5,Be5c4][%mdl 32] LiveBook: 4 Games} 11. Nb3 Ne5 12. Re1 {Black is slightly better.} Be7 13. Bd4 $146 ({Predecessor:} 13. Bf4 O-O 14. Bxe5 dxe5 15. g3 Rac8 16. Qe2 Qb6 {0-1 (30) Naudion,G (2220)-Guliyev,N (2690) Le Port Marly 2012}) 13... Nc4 14. Qc1 Rc8 15. Nd2 e5 16. Be3 $1 Nxb2 (16... Nxe3 {seems wilder.} 17. Rxe3 Bc6 18. Nf1 O-O 19. Re1 a5) 17. Qxb2 (17. Nxb5 $1 $11 {was the only way to keep the balance.} axb5 18. Qxb2) 17... Qxc3 $17 18. Qxc3 Rxc3 19. Ra2 (19. a4 $17) 19... O-O 20. Rb1 d5 {[%cal Rd5e4]} 21. Bg5 Rd8 22. a4 {[#]} b4 $1 ({Don't take} 22... dxe4 {[#]} 23. Nxe4 $1 {[%mdl 512]} Bxe4 24. Bxe4) 23. Bxf6 gxf6 24. Re1 d4 25. Nb1 Rc7 26. Nd2 Bf8 27. Nf1 (27. Rb2 {keeps fighting.}) 27... d3 28. cxd3 Rxd3 29. Ne3 $2 (29. Rb2 {is a better defense.}) 29... b3 $19 {Black is clearly winning.} 30. Rb2 Ba3 31. Rbb1 b2 32. Kf1 a5 33. h3 Rc1 34. Ke2 Ba6 {Precision: White = 17%, Black = 70%.} 0-1